Imagen 1 Imagen 2 Imagen 3 Imagen 4 Imagen 5 Imagen 6

Alamedas Del Alma (Registro nro. 53618)

Detalles MARC
000 -LEADER
campo de control de longitud fija 00389nam a2200145Ia 4500
003 - IDENTIFICADOR DE NÚMERO DE CONTROL
campo de control peliumch
005 - FECHA Y HORA DE LA ÚLTIMA TRANSACCIÓN
campo de control 20260213183741.0
008 - DATOS DE LONGITUD FIJA--INFORMACIÓN GENERAL
campo de control de longitud fija 230320s9999||||xx |||||||||||||| ||spa||
040 ## - FUENTE DE CATALOGACIÓN
Centro/agencia transcriptor umch
Centro/agencia modificador JCZ
082 ## - NÚMERO DE LA CLASIFICACIÓN DECIMAL DEWEY
Número de clasificación 868.6/V27A5
100 ## - ENTRADA PRINCIPAL--NOMBRE DE PERSONA
Nombre de persona Vallejo Marchite, José Luis, 1932-
245 #0 - MENCIÓN DEL TÍTULO
Título Alamedas Del Alma
260 ## - PUBLICACIÓN, DISTRIBUCIÓN, ETC.
Nombre del editor, distribuidor, etc. Universidad Marcelino Champagnat
Lugar de publicación, distribución, etc. Lima,
Fecha de publicación, distribución, etc. 2014
942 ## - ELEMENTOS DE ENTRADA SECUNDARIOS (KOHA)
Tipo de ítem Koha Libros
Fuente del sistema de clasificación o colocación Clasificación Decimal Dewey
Suprimir en OPAC No

No hay ítems disponibles.


Horarios de atención

De Lunes a Viernes de 8:00 a.m. -7:00 p.m.
Sábados de 8:00 a.m. - 5:00 p.m.



Email:
 biblioteca@umch.edu.pe

Teléfono: (01) 4490449 anexo 400 y 401
WhatsApp: +51 946 208 593